Normal view
MARC view
Entry Topical Term
001 - CONTROL NUMBER
- control field: 1229
003 - CONTROL NUMBER IDENTIFIER
- control field: OSt
005 - DATE AND TIME OF LATEST TRANSACTION
- control field: 20110419171022.0
008 - FIXED-LENGTH DATA ELEMENTS
- fixed length control field: 110419|||a|||||| | ||| d
040 ## - CATALOGING SOURCE
- Original cataloging agency: OSt
- Transcribing agency: OSt
150 ## - HEADING--TOPICAL TERM
- Topical term or geographic name as entry element: Accident law
- Geographic subdivision: Great Britain.
670 ## - SOURCE DATA FOUND
- Source citation: Work cat.: (OSt)0: Atiyah, P. S. 893, Atiyah's Accidents, compensation, and the law., 1987.
